[Event "XVIII MFSz Pamieci E. Laskera - Open A"]
[Site "Barlinek"]
[Date "????.??.??"]
[Round "6"]
[White "Rutkowski, Maciej"]
[Black "Malisauskas, Vidmantas"]
[WhiteElo "2413"]
[BlackElo "2516"]
[Result "0-1"]
[PlyCount "160"]

1. d4 Nf6 2. Nf3 g6 3. c4 Bg7 4. g3 O-O 5. Bg2 d5 6. O-O dxc4 7. Na3 c3 8. bxc3
c5 9. e3 Nc6 10. Bb2 Bf5 11. Qe2 Qb6 12. Rfc1 Be4 13. Nc4 Qa6 14. Bf1 Bd5 15.
Nfd2 Ne4 16. Nxe4 Bxe4 17. Nd2 Qxe2 18. Bxe2 Bf5 19. Ba3 cxd4 20. cxd4 Rfd8 21.
g4 Be6 22. Nb3 Bd5 23. f4 g5 24. f5 e5 25. fxe6 fxe6 26. Nc5 Rab8 27. Bb2 e5
28. e4 Bf7 29. d5 Nd4 30. Bd3 b6 31. Na6 Rbc8 32. Kg2 Bf8 33. Rxc8 Rxc8 34. Rc1
Rxc1 35. Bxc1 h6 36. Bd2 Be8 37. Bc3 Bd6 38. Nb4 Ba4 39. Bxd4 exd4 40. Nc2 Bxc2
41. Bxc2 Kf8 42. h3 Ke7 43. Kf3 Be5 44. Ke2 Kd6 45. Kd3 Kc5 46. a3 a5 47. a4 b5
48. axb5 Kxb5 49. d6 Kc6 50. Kc4 Kxd6 51. Kb5 Bh8 52. Kxa5 Ke5 53. Kb4 Kf4 54.
Kc4 Kg3 55. Kd5 Kxh3 56. Bd1 h5 57. gxh5 g4 58. e5 g3 59. Bf3 d3 60. e6 g2 61.
Bxg2+ Kxg2 62. e7 d2 63. e8=Q d1=Q+ 64. Ke6 Qe2+ 65. Kd7 Qb5+ 66. Ke7 Bf6+ 67.
Kf8 Qc5+ 68. Kg8 Qd5+ 69. Qf7 Qe5 70. Qg6+ Kh3 71. Qf7 Kh4 72. Kh7 Qf5+ 73. Kg8
Qg5+ 74. Qg6 Qe5 75. Qf7 Qd6 76. Kh7 Bd4 77. Qg6 Qd5 78. Kh6 Qe5 79. Qf7 Qh8+
80. Qh7 Qf8+ 0-1

[Event "XVIII MFSz Pamieci E. Laskera - Open A"]
[Site "Barlinek"]
[Date "????.??.??"]
[Round "6"]
[White "Sharapov, Evgeny"]
[Black "Koziak, Vitali"]
[WhiteElo "2499"]
[BlackElo "2470"]
[Result "1/2-1/2"]
[PlyCount "35"]

1. e4 e5 2. Nf3 Nc6 3. d4 exd4 4. Nxd4 Nf6 5. Nxc6 bxc6 6. e5 Qe7 7. Qe2 Nd5 8.
c4 Ba6 9. b3 O-O-O 10. g3 g5 11. Bb2 Bg7 12. Bg2 Rhe8 13. O-O Bxe5 14. Qxe5
Qxe5 15. Bxe5 Rxe5 16. cxd5 Bxf1 17. Kxf1 cxd5 18. Nc3 1/2-1/2

[Event "XVIII MFSz Pamieci E. Laskera - Open A"]
[Site "Barlinek"]
[Date "????.??.??"]
[Round "6"]
[White "Juroszek, Tadeusz"]
[Black "Shishkin, Vadim"]
[WhiteElo "2376"]
[BlackElo "2471"]
[Result "1/2-1/2"]
[PlyCount "34"]

1. e4 c5 2. Nf3 Nc6 3. Bb5 g6 4. Bxc6 bxc6 5. O-O Bg7 6. Re1 d6 7. e5 dxe5 8.
Nxe5 Qd6 9. Nc4 Qc7 10. d3 Nf6 11. Qf3 Bg4 12. Qf4 Qxf4 13. Bxf4 Be6 14. Nbd2
Nd7 15. Ne5 Bxe5 16. Bxe5 O-O 17. b3 Rfe8 1/2-1/2

[Event "XVIII MFSz Pamieci E. Laskera - Open A"]
[Site "Barlinek"]
[Date "????.??.??"]
[Round "6"]
[White "Aliavdin, Nikolai"]
[Black "Jozwicki, Jakub"]
[WhiteElo "2367"]
[BlackElo "2195"]
[Result "1-0"]
[PlyCount "45"]

1. e4 d5 2. exd5 Qxd5 3. Nf3 Bg4 4. Be2 Nc6 5. d4 O-O-O 6. Be3 e5 7. c4 Qa5+ 8.
Bd2 Qb6 9. c5 Bxc5 10. dxc5 Qxc5 11. O-O Nf6 12. Nc3 e4 13. Ng5 Bxe2 14. Qxe2
Nd4 15. Qe3 Rhe8 16. Nxf7 Rd7 17. Ng5 Qf5 18. Qf4 Qg6 19. Be3 Nd5 20. Qh4 Nc2
21. Rad1 Ndxe3 22. fxe3 Rxd1 23. Rxd1 1-0

[Event "XVIII MFSz Pamieci E. Laskera - Open A"]
[Site "Barlinek"]
[Date "????.??.??"]
[Round "6"]
[White "Bronowicki, Mateusz"]
[Black "Sroka, Janusz"]
[WhiteElo "2360"]
[BlackElo "2148"]
[Result "1/2-1/2"]
[PlyCount "37"]

1. d4 Nf6 2. c4 g6 3. Nc3 Bg7 4. e4 d6 5. f3 O-O 6. Be3 a6 7. Qd2 Nbd7 8. Nge2
c5 9. d5 b5 10. cxb5 Qa5 11. Nc1 axb5 12. Nxb5 Nb6 13. Qxa5 Rxa5 14. Bd2 Ra8
15. Rb1 Bd7 16. Be2 Rfb8 17. Nc3 e6 18. dxe6 Bxe6 19. O-O 1/2-1/2

[Event "XVIII MFSz Pamieci E. Laskera - Open A"]
[Site "Barlinek"]
[Date "2010.07.22"]
[Round "6"]
[White "Rooze, Jan"]
[Black "Von Hassel, Ulf"]
[WhiteElo "2331"]
[BlackElo "2083"]
[Result "0-1"]
[PlyCount "151"]
[EventDate "2010.??.??"]

1. e4 c5 2. Nf3 d6 3. d4 cxd4 4. Nxd4 Nf6 5. Nc3 a6 6. Bc4 e6 7. O-O Be7 8. Bb3
O-O 9. Qf3 Qc7 10. Bg5 Nc6 11. Nxc6 bxc6 12. Rfe1 e5 13. Nd1 a5 14. a4 Rb8 15.
Bd2 d5 16. exd5 e4 17. Qg3 Bd6 18. Qh4 cxd5 19. Nc3 Qc5 20. h3 Bd7 21. Rad1 Be5
22. Bf4 Bxf4 23. Qxf4 Bc6 24. Qe3 Qxe3 25. fxe3 Rb4 26. Na2 Rb6 27. Rd4 g6 28.
Nc3 Kg7 29. Red1 Rc8 30. Kf1 h5 31. Ke1 h4 32. R1d2 Rcb8 33. Kd1 g5 34. Rf2 Ba8
35. Kc1 Rxb3 36. cxb3 Rxb3 37. Kc2 Rb6 38. Nb5 Bb7 39. b4 axb4 40. Rxb4 Kg6 41.
Kb3 Nd7 42. Rc2 f5 43. Nd4 f4 44. a5 Rxb4+ 45. Kxb4 Ne5 46. Kb5 Nc4 47. a6 Ba8
48. exf4 gxf4 49. Rf2 Kf6 50. Rxf4+ Ke5 51. Ne2 Nd6+ 52. Kc5 Nf5 53. Rg4 d4 54.
Rg8 d3 55. Re8+ Kf6 56. Nc3 e3 57. Rxa8 e2 58. Re8 Ne7 59. a7 e1=Q 60. Nd5+ Kg5
61. a8=Q Qf2+ 62. Kd6 Nf5+ 63. Kd7 Qd4 64. Rg8+ Ng7 65. Qc6 d2 66. Rh8 d1=Q 67.
Qh6+ Kf5 68. Rf8+ Ke4 69. Rf4+ Kxd5 70. Rxd4+ Qxd4 71. Qc6+ Ke5+ 72. Ke7 Nf5+
73. Ke8 Qd6 74. Qb7 Qe6+ 75. Kf8 Qf6+ 76. Kg8 0-1

[Event "XVIII MFSz Pamieci E. Laskera - Open A"]
[Site "Barlinek"]
[Date "????.??.??"]
[Round "6"]
[White "Heinsohn, Michael"]
[Black "Czyz, Artur"]
[WhiteElo "2043"]
[BlackElo "2061"]
[Result "0-1"]
[PlyCount "84"]

1. d4 Nf6 2. c4 g6 3. Nc3 Bg7 4. e4 d6 5. Nf3 O-O 6. Be2 e5 7. O-O Nc6 8. d5
Ne7 9. b4 Nh5 10. Re1 f5 11. Ng5 Nf6 12. f3 Kh8 13. Rb1 Nh5 14. c5 h6 15. Ne6
Bxe6 16. dxe6 Nf4 17. Bc4 dxc5 18. bxc5 fxe4 19. fxe4 Nc6 20. Qxd8 Rfxd8 21. g3
Rd4 22. gxf4 Rxc4 23. Nd5 Nd4 24. Nxc7 Rc8 25. e7 Nf3+ 26. Kf1 Nxe1 27. e8=Q+
Rxe8 28. Nxe8 Nd3 29. Ba3 Rxe4 30. Nxg7 Kxg7 31. Rxb7+ Kf6 32. fxe5+ Rxe5 33.
Rxa7 Re1+ 34. Kg2 Re2+ 35. Kg3 g5 36. c6 Ne1 37. Be7+ Kg6 38. Bxg5 hxg5 39. Ra4
Rg2+ 40. Kh3 Kh5 41. c7 Rc2 42. Re4 Rc3+ 0-1

[Event "XVIII MFSz Pamieci E. Laskera - Open A"]
[Site "Barlinek"]
[Date "????.??.??"]
[Round "7"]
[White "Aliavdin, Nikolai"]
[Black "Sharapov, Evgeny"]
[WhiteElo "2367"]
[BlackElo "2499"]
[Result "1/2-1/2"]
[PlyCount "73"]

1. e4 c5 2. Nf3 d6 3. Bb5+ Bd7 4. Bxd7+ Qxd7 5. c4 Nf6 6. Nc3 g6 7. d4 cxd4 8.
Nxd4 Bg7 9. h3 O-O 10. Be3 Nc6 11. O-O Rfc8 12. b3 Qd8 13. Qd2 a6 14. a4 Nd7
15. Nde2 Nc5 16. Rab1 Rab8 17. Rfd1 Nb4 18. f3 Qc7 19. Nd5 Nxd5 20. exd5 b5 21.
cxb5 axb5 22. Rdc1 Qb7 23. a5 b4 24. Rc4 Qb5 25. Nd4 Bxd4 26. Bxd4 Qxa5 27. Qh6
e5 28. Bxc5 Qa2 29. Rf1 Rxc5 30. Rh4 Rc2 31. Qxh7+ Kf8 32. Rg4 Rbc8 33. Qh8+
Ke7 34. Qh4+ Ke8 35. Qh8+ Ke7 36. Qh4+ Ke8 37. Qh8+ 1/2-1/2

[Event "XVIII MFSz Pamieci E. Laskera - Open A"]
[Site "Barlinek"]
[Date "????.??.??"]
[Round "7"]
[White "Shishkin, Vadim"]
[Black "Rutkowski, Maciej"]
[WhiteElo "2471"]
[BlackElo "2413"]
[Result "1/2-1/2"]
[PlyCount "83"]

1. d4 Nf6 2. c4 g6 3. Nc3 Bg7 4. e4 d6 5. f3 O-O 6. Be3 Nbd7 7. Nge2 a6 8. a4
c5 9. d5 Qa5 10. Bd2 Qc7 11. Nf4 Ne5 12. Be2 e6 13. O-O Qd8 14. Rb1 exd5 15.
cxd5 c4 16. g3 b5 17. b4 Qb6+ 18. Kh1 h5 19. Be1 g5 20. Bf2 Qb7 21. Ng2 g4 22.
Bd4 Re8 23. Nh4 gxf3 24. Bxf3 Bh3 25. Bg2 Bxg2+ 26. Nxg2 Nfg4 27. Qd2 Ng6 28.
h3 Bxd4 29. Qxd4 N4e5 30. Rf5 Nd3 31. Nf4 Qa7 32. Qxa7 Rxa7 33. Nxh5 Rb8 34. a5
Re7 35. Kg2 Rd8 36. Kf3 Re5 37. Rxe5 Ngxe5+ 38. Ke3 Kh7 39. Ne2 Rc8 40. Nhf4
Re8 41. g4 Rc8 42. Nc3 1/2-1/2

[Event "XVIII MFSz Pamieci E. Laskera - Open A"]
[Site "Barlinek"]
[Date "????.??.??"]
[Round "7"]
[White "Sroka, Janusz"]
[Black "Juroszek, Tadeusz"]
[WhiteElo "2148"]
[BlackElo "2376"]
[Result "1/2-1/2"]
[PlyCount "24"]

1. e4 c5 2. g3 Nc6 3. Bg2 g6 4. d3 d6 5. f4 Bg7 6. Nf3 e6 7. c3 Nge7 8. O-O O-O
9. Be3 b6 10. a4 Qd7 11. Na3 Bb7 12. Bf2 Kh8 1/2-1/2

[Event "XVIII MFSz Pamieci E. Laskera - Open A"]
[Site "Barlinek"]
[Date "????.??.??"]
[Round "7"]
[White "Von Hassel, Ulf"]
[Black "Bronowicki, Mateusz"]
[WhiteElo "2083"]
[BlackElo "2360"]
[Result "0-1"]
[PlyCount "90"]

1. e4 e6 2. d3 d5 3. Nd2 Nf6 4. Ngf3 b6 5. c3 Be7 6. Be2 a5 7. O-O c5 8. Re1
Nc6 9. a4 O-O 10. e5 Nd7 11. d4 f5 12. Nf1 Qc7 13. Bg5 Ba6 14. Bb5 Ndb8 15. h4
h6 16. Bf4 cxd4 17. cxd4 Bxb5 18. axb5 Na7 19. Rc1 Qd7 20. Re3 Nxb5 21. Qa4 Na7
22. Qb3 b5 23. Rec3 Na6 24. Ne3 a4 25. Qd1 Rac8 26. g3 b4 27. Rxc8 Rxc8 28. Ng2
b3 29. Qd2 Rxc1+ 30. Qxc1 Bf8 31. h5 Qe8 32. Qf1 Nb4 33. Bd2 Qxh5 34. Nfh4 g5
35. Bxb4 Bxb4 36. Qa6 a3 37. bxa3 b2 38. Qf1 Bxa3 39. Qd3 gxh4 40. Nf4 Qf7 41.
Qb3 Nc6 42. Ne2 hxg3 43. fxg3 Na5 44. Qb8+ Kh7 45. Nf4 Nb7 0-1

[Event "XVIII MFSz Pamieci E. Laskera - Open A"]
[Site "Barlinek"]
[Date "????.??.??"]
[Round "7"]
[White "Czyz, Artur"]
[Black "Jozwicki, Jakub"]
[WhiteElo "2061"]
[BlackElo "2195"]
[Result "1-0"]
[PlyCount "51"]

1. e4 c5 2. Nf3 e6 3. d4 cxd4 4. Nxd4 a6 5. Bd3 Bc5 6. Nb3 Ba7 7. Qg4 Nf6 8.
Qg3 Nc6 9. Nc3 d6 10. Bg5 Ne5 11. Be2 Bb8 12. O-O-O Bd7 13. f4 Ng6 14. e5 dxe5
15. Nc5 exf4 16. Qh3 Ne5 17. N3e4 Qe7 18. Bxf6 gxf6 19. Qh6 Kd8 20. Rxd7+ Nxd7
21. Rd1 Be5 22. Rxd7+ Qxd7 23. Nxd7 Kxd7 24. Nxf6+ Ke7 25. Ng4 Bd6 26. Qf6+ 1-0

[Event "XVIII MFSz Pamieci E. Laskera - Open A"]
[Site "Barlinek"]
[Date "2010.07.23"]
[Round "7"]
[White "Sokalsky, Alexander"]
[Black "Heinsohn, Michael"]
[WhiteElo "2211"]
[BlackElo "2043"]
[Result "1-0"]
[PlyCount "81"]
[EventDate "2010.??.??"]

1. Nf3 d5 2. b3 Bf5 3. Bb2 e6 4. e3 Nf6 5. Be2 h6 6. O-O Be7 7. Ne5 Nbd7 8. f4
Nxe5 9. fxe5 Ne4 10. d3 Nc5 11. Bf3 c6 12. Nd2 Qb6 13. Kh1 Na4 14. Bd4 c5 15.
bxa4 cxd4 16. Rb1 Qc7 17. exd4 Rc8 18. Bxd5 exd5 19. Rxf5 Qxc2 20. Rf1 b6 21.
Nf3 Qxd1 22. Rfxd1 Kd7 23. Rb5 Ke6 24. a5 Rc6 25. axb6 axb6 26. Rdb1 Rhc8 27.
Rxb6 Rxb6 28. Rxb6+ Kf5 29. h3 Ra8 30. Rb7 Ke6 31. Rb2 Ra3 32. g4 Rxd3 33. Rb3
Rd1+ 34. Kg2 Ra1 35. Rb6+ Kd7 36. Rb7+ Ke6 37. Ra7 Bd8 38. Ra6+ Ke7 39. Kf2 Bc7
40. Nh4 g6 41. Ng2 1-0

[Event "XVIII MFSz Pamieci E. Laskera - Open A"]
[Site "Barlinek"]
[Date "????.??.??"]
[Round "8"]
[White "Malisauskas, Vidmantas"]
[Black "Sokalsky, Alexander"]
[WhiteElo "2516"]
[BlackElo "2211"]
[Result "1-0"]
[PlyCount "107"]

1. e4 c5 2. Nf3 e6 3. d4 cxd4 4. Nxd4 Nc6 5. Nc3 Qc7 6. Be2 a6 7. O-O d6 8. Kh1
Nf6 9. f4 Be7 10. Be3 Bd7 11. Qe1 h5 12. Bf3 Rc8 13. Nxc6 bxc6 14. Ne2 d5 15.
e5 Ng4 16. Bg1 g6 17. c4 Qb7 18. b3 Nh6 19. Nd4 Nf5 20. Nxf5 gxf5 21. Rc1 h4
22. c5 Rb8 23. Be2 Bd8 24. Rf3 a5 25. a3 Bc8 26. Rh3 Qa7 27. Bf2 Ba6 28. Bd1
Bb5 29. Rcc3 Kd7 30. Bxh4 Bxh4 31. Rxh4 Rxh4 32. Qxh4 d4 33. Qf6 Rf8 34. Rc1
Kc8 35. h4 d3 36. a4 Ba6 37. Bf3 Qd7 38. h5 Qd4 39. h6 Qd8 40. Qxd8+ Rxd8 41.
Kg1 Rh8 42. Bxc6 Bb7 43. Bxb7+ Kxb7 44. Rd1 Rxh6 45. Rxd3 Kc6 46. Rd8 Rg6 47.
Kf2 Rh6 48. Ra8 Kxc5 49. Rxa5+ Kd4 50. b4 Rh1 51. b5 Ke4 52. b6 Rh8 53. b7 Rb8
54. Rb5 1-0

[Event "XVIII MFSz Pamieci E. Laskera - Open A"]
[Site "Barlinek"]
[Date "????.??.??"]
[Round "8"]
[White "Sharapov, Evgeny"]
[Black "Juroszek, Tadeusz"]
[WhiteElo "2499"]
[BlackElo "2376"]
[Result "1/2-1/2"]
[PlyCount "30"]

1. e4 e5 2. Nf3 d6 3. d4 exd4 4. Nxd4 Nf6 5. Nc3 Be7 6. Be2 O-O 7. O-O Re8 8.
f4 Bf8 9. Bf3 c5 10. Nb3 Nc6 11. Kh1 a5 12. a4 Nb4 13. Re1 d5 14. e5 Bf5 15.
Re2 d4 1/2-1/2

[Event "XVIII MFSz Pamieci E. Laskera - Open A"]
[Site "Barlinek"]
[Date "????.??.??"]
[Round "8"]
[White "Koziak, Vitali"]
[Black "Rutkowski, Maciej"]
[WhiteElo "2470"]
[BlackElo "2413"]
[Result "1/2-1/2"]
[PlyCount "30"]

1. d4 Nf6 2. c4 g6 3. Nc3 Bg7 4. e4 d6 5. f3 O-O 6. Nge2 c5 7. d5 e6 8. Ng3
exd5 9. cxd5 a6 10. a4 Re8 11. Be2 Nbd7 12. O-O h5 13. Bg5 Qa5 14. Qd2 Nh7 15.
Bf4 Ne5 1/2-1/2

[Event "XVIII MFSz Pamieci E. Laskera - Open A"]
[Site "Barlinek"]
[Date "????.??.??"]
[Round "8"]
[White "Bronowicki, Mateusz"]
[Black "Aliavdin, Nikolai"]
[WhiteElo "2360"]
[BlackElo "2367"]
[Result "1/2-1/2"]
[PlyCount "45"]

1. d4 Nf6 2. c4 g6 3. Nc3 Bg7 4. e4 d6 5. Nf3 O-O 6. h3 e5 7. d5 a5 8. Bg5 Qe8
9. g4 Na6 10. Rg1 Kh8 11. Be2 Ng8 12. Nh4 f6 13. Be3 Bh6 14. Qd2 Bxe3 15. Qxe3
Qe7 16. Ng2 Nc5 17. O-O-O a4 18. Rdf1 Bd7 19. f3 f5 20. exf5 gxf5 21. f4 exf4
22. Qxe7 Nxe7 23. g5 1/2-1/2

[Event "XVIII MFSz Pamieci E. Laskera - Open A"]
[Site "Barlinek"]
[Date "????.??.??"]
[Round "8"]
[White "Rooze, Jan"]
[Black "Shishkin, Vadim"]
[WhiteElo "2331"]
[BlackElo "2471"]
[Result "1/2-1/2"]
[PlyCount "91"]

1. e4 c5 2. Nf3 Nc6 3. Bb5 g6 4. O-O Bg7 5. c3 a6 6. Bxc6 dxc6 7. d3 Nf6 8. h3
O-O 9. Na3 Qc7 10. Be3 Rd8 11. Qc2 b6 12. Rfd1 a5 13. Rac1 Ba6 14. d4 c4 15.
Ne5 b5 16. Bf4 Qb7 17. Qe2 Qc8 18. Qf3 Bb7 19. Re1 Rf8 20. Qe3 Re8 21. Bh6 Bh8
22. f4 e6 23. Rcd1 Rb8 24. g4 Ba8 25. Rf1 Qb7 26. f5 exf5 27. Rxf5 c5 28. Rdf1
cxd4 29. cxd4 Qb6 30. Nc2 Bxe4 31. Rxf6 Bxf6 32. Nd7 Bxc2 33. Nxf6+ Qxf6 34.
Qxe8+ Rxe8 35. Rxf6 b4 36. d5 Be4 37. Ra6 Bxd5 38. Rxa5 Be6 39. Rb5 b3 40. axb3
cxb3 41. Bf4 Kg7 42. Be5+ f6 43. Bc3 g5 44. Rxg5+ Kf7 45. Rh5 Kg6 46. Rb5
1/2-1/2

[Event "XVIII MFSz Pamieci E. Laskera - Open A"]
[Site "Barlinek"]
[Date "????.??.??"]
[Round "8"]
[White "Czyz, Artur"]
[Black "Sroka, Janusz"]
[WhiteElo "2061"]
[BlackElo "2148"]
[Result "0-1"]
[PlyCount "60"]

1. d4 Nf6 2. Nf3 d6 3. Bf4 g6 4. e3 Bg7 5. c3 O-O 6. h3 b6 7. Nbd2 Bb7 8. Bd3
c5 9. O-O Re8 10. Bh2 Nc6 11. Rc1 Qd7 12. a4 a6 13. Nc4 Qd8 14. Na3 cxd4 15.
exd4 Bh6 16. Ra1 Nd5 17. Re1 Qd7 18. Re4 Na5 19. Rh4 Bg7 20. Nc4 Nxc4 21. Bxc4
b5 22. Bd3 Nb6 23. Bf4 Nxa4 24. Ng5 e5 25. Rxh7 exf4 26. Qc2 Qe7 27. h4 Qf6 28.
g3 Nb6 29. gxf4 Qxf4 30. Bxg6 Qg4+ 0-1

[Event "XVIII MFSz Pamieci E. Laskera - Open A"]
[Site "Barlinek"]
[Date "????.??.??"]
[Round "9"]
[White "Sroka, Janusz"]
[Black "Malisauskas, Vidmantas"]
[WhiteElo "2148"]
[BlackElo "2516"]
[Result "0-1"]
[PlyCount "104"]

1. e4 Nf6 2. Nc3 d5 3. e5 Nfd7 4. e6 fxe6 5. d4 c5 6. Nf3 Nc6 7. Bb5 Nxd4 8.
Nxd4 cxd4 9. Qxd4 Qb6 10. Qxb6 axb6 11. Be3 Kf7 12. Bxd7 Bxd7 13. O-O g6 14.
Bd4 Bg7 15. Rad1 Rhc8 16. Bxg7 Kxg7 17. Rd4 b5 18. a3 Rc4 19. Rfd1 Rac8 20. f3
Rxd4 21. Rxd4 Rc4 22. Rxc4 bxc4 23. Kf2 Bc6 24. Ne2 Ba4 25. c3 e5 26. Ke3 Kf6
27. g3 g5 28. f4 exf4+ 29. gxf4 gxf4+ 30. Nxf4 Bc6 31. Ne2 e5 32. Nc1 Ba4 33.
Na2 Bb3 34. Nc1 Kf5 35. Ne2 Kg4 36. Ng1 Bd1 37. Kd2 Bf3 38. Ke3 Be4 39. Kf2 d4
40. cxd4 exd4 41. Ne2 d3 42. Ng1 h5 43. Ke3 Bg2 44. Kf2 Kf5 45. Ke3 Ke5 46. Kf2
Kd6 47. Ke3 Kc5 48. Kf2 h4 49. h3 Be4 50. Ke3 Kd5 51. Nf3 Bxf3 52. Kxf3 Kd4 0-1

[Event "XVIII MFSz Pamieci E. Laskera - Open A"]
[Site "Barlinek"]
[Date "????.??.??"]
[Round "9"]
[White "Sharapov, Evgeny"]
[Black "Bronowicki, Mateusz"]
[WhiteElo "2499"]
[BlackElo "2360"]
[Result "1-0"]
[PlyCount "119"]

1. e4 e6 2. d4 d5 3. Nc3 Nf6 4. Bg5 Be7 5. e5 Ne4 6. Bxe7 Nxc3 7. Bxd8 Nxd1 8.
Bxc7 Nxb2 9. Rb1 Na4 10. Bb5+ Bd7 11. Bxa4 Bxa4 12. Rxb7 O-O 13. Kd2 Nd7 14.
Rb4 Rfc8 15. Rxa4 Rxc7 16. Nf3 Nb6 17. Ra6 f6 18. Kd3 Rac8 19. Rc1 Rc3+ 20. Kd2
R3c7 21. c3 Kf7 22. Rb1 Kg6 23. Rb3 Kf5 24. Kd3 h5 25. h3 Nc4 26. Nh4+ Kg5 27.
g3 fxe5 28. Rxe6 e4+ 29. Ke2 Rc6 30. Re7 R8c7 31. Rxc7 Rxc7 32. Ng2 Rc6 33. a4
a6 34. Nf4 Na5 35. Ra3 Rd6 36. h4+ Kg4 37. Ra1 Rb6 38. Ra2 Rd6 39. Rb2 g6 40.
Rb4 g5 41. hxg5 Kxg5 42. Rb8 h4 43. Rg8+ Kf5 44. Ng2 hxg3 45. Ne3+ Kf6 46. fxg3
Nc6 47. Rf8+ Ke6 48. Rf5 Rd8 49. g4 Ne7 50. Re5+ Kf7 51. Kd2 a5 52. c4 dxc4 53.
Kc3 Nc6 54. Rf5+ Kg6 55. d5 Ne7 56. Re5 Kf6 57. Rh5 Rb8 58. Nxc4 Rb4 59. d6 Ng6
60. Rxa5 1-0

[Event "XVIII MFSz Pamieci E. Laskera - Open A"]
[Site "Barlinek"]
[Date "????.??.??"]
[Round "9"]
[White "Shishkin, Vadim"]
[Black "Aliavdin, Nikolai"]
[WhiteElo "2471"]
[BlackElo "2367"]
[Result "0-1"]
[PlyCount "100"]

1. d4 d5 2. c4 e6 3. Nf3 c6 4. Nc3 dxc4 5. e3 b5 6. a4 Bb4 7. Bd2 a5 8. axb5
Bxc3 9. Bxc3 cxb5 10. b3 Bb7 11. bxc4 b4 12. Bb2 Nf6 13. Bd3 Nbd7 14. O-O O-O
15. Nd2 Qc7 16. f4 a4 17. Rb1 Rfd8 18. Qe2 b3 19. Ba1 Nb8 20. f5 Nbd7 21. fxe6
fxe6 22. Rbc1 e5 23. Bf5 Re8 24. Qf2 Qc6 25. d5 Qd6 26. Be6+ Rxe6 27. dxe6 Qxe6
28. c5 Rc8 29. e4 Ba6 30. Rfd1 a3 31. Rc3 b2 32. Rxa3 bxa1=R 33. Rdxa1 Nxc5 34.
Ra5 Nfd7 35. h3 Bb7 36. Qe3 Qb6 37. Kh2 Rf8 38. R1a3 Qb4 39. Ra7 h6 40. Rc3 Rf6
41. Rc4 Qb6 42. Ra1 Rd6 43. Nf3 Rd3 44. Qe2 Rb3 45. Qc2 Rb2 46. Qc3 Ba6 47.
Nxe5 Bxc4 48. Qxc4+ Kh7 49. Nf7 Qg6 50. Rg1 Nxe4 0-1

[Event "XVIII MFSz Pamieci E. Laskera - Open A"]
[Site "Barlinek"]
[Date "????.??.??"]
[Round "9"]
[White "Von Hassel, Ulf"]
[Black "Koziak, Vitali"]
[WhiteElo "2083"]
[BlackElo "2470"]
[Result "0-1"]
[PlyCount "78"]

1. e4 d5 2. exd5 Nf6 3. Bb5+ Bd7 4. Be2 Nxd5 5. d4 Bf5 6. Nf3 e6 7. O-O Be7 8.
a3 Nc6 9. c4 Nb6 10. Nc3 O-O 11. Be3 Bf6 12. h3 Na5 13. b3 h6 14. Rc1 Qe7 15.
c5 Nd5 16. Nxd5 exd5 17. b4 Nc6 18. Re1 a6 19. Qd2 Rfe8 20. a4 Be4 21. b5 axb5
22. axb5 Nd8 23. Bf4 Ne6 24. Be5 Bxf3 25. Bxf3 Bg5 26. Qd3 Bxc1 27. Rxc1 Qg5
28. Rc3 Ra1+ 29. Kh2 c6 30. g3 Qd8 31. h4 Nf8 32. Rb3 Ng6 33. Bd6 Nxh4 34. Bh5
Qf6 35. f4 Ree1 36. Kh3 Qe6+ 37. f5 Nxf5 38. Bg4 Rh1+ 39. Kg2 Nh4+ 0-1

[Event "XVIII MFSz Pamieci E. Laskera - Open A"]
[Site "Barlinek"]
[Date "????.??.??"]
[Round "9"]
[White "Jozwicki, Jakub"]
[Black "Rutkowski, Maciej"]
[WhiteElo "2195"]
[BlackElo "2413"]
[Result "1-0"]
[PlyCount "69"]

1. c4 Nf6 2. Nf3 e6 3. g3 d5 4. b3 Be7 5. Bg2 O-O 6. O-O c5 7. d4 b6 8. cxd5
exd5 9. Nc3 Bb7 10. Ba3 Nbd7 11. dxc5 bxc5 12. Nh4 Nb6 13. Nf5 Re8 14. Nxe7+
Qxe7 15. e3 Rad8 16. Qc2 d4 17. exd4 Bxg2 18. Kxg2 Qb7+ 19. d5 Nbxd5 20. Nxd5
Rxd5 21. Kg1 Ng4 22. Rae1 Rde5 23. Qd1 h5 24. Bxc5 Rxe1 25. Rxe1 Ne5 26. Re3 h4
27. f4 h3 28. Qe2 Qc6 29. b4 Rd8 30. Rxe5 Rd1+ 31. Kf2 Qg2+ 32. Ke3 Qg1+ 33.
Kf3 Qh1+ 34. Kg4 f5+ 35. Rxf5 1-0

[Event "XVIII MFSz Pamieci E. Laskera - Open A"]
[Site "Barlinek"]
[Date "????.??.??"]
[Round "9"]
[White "Sokalsky, Alexander"]
[Black "Czyz, Artur"]
[WhiteElo "2211"]
[BlackElo "2061"]
[Result "0-1"]
[PlyCount "150"]

1. Nf3 Nf6 2. b3 d5 3. Bb2 Bf5 4. e3 c6 5. Be2 h6 6. O-O e6 7. d4 Be7 8. c4
Nbd7 9. Nc3 O-O 10. a3 a5 11. h3 Ne4 12. Nxe4 Bxe4 13. Ne1 Bd6 14. Bf3 Bf5 15.
Bg4 Bg6 16. f4 Nf6 17. Bf3 Ne4 18. Nd3 Ng3 19. Rf2 Qe7 20. Rd2 h5 21. Nf2 h4
22. Qe1 Bf5 23. Nh1 Nxh1 24. Kxh1 Qf6 25. g4 hxg3 26. Qxg3 Qh6 27. Rh2 f6 28.
c5 Bc7 29. Bc3 Kf7 30. Raa2 g5 31. Bd2 Rh8 32. Qf2 Ke7 33. Bg4 Be4+ 34. Bf3 Bf5
35. Bg4 Be4+ 36. Bf3 Qxh3 37. Rxh3 Rxh3+ 38. Kg2 Rxf3 39. Qxf3 g4 40. Qxe4 dxe4
41. Ra1 Rh8 42. Be1 Kf7 43. b4 e5 44. bxa5 exf4 45. exf4 Bxf4 46. Rb1 Rh2+ 47.
Kg1 g3 48. Rxb7+ Ke6 49. Rb3 Rh7 50. a6 Ra7 51. Rb6 Be3+ 52. Kg2 Bxd4 53. Bxg3
Kd5 54. Bb8 Ra8 55. Rb7 Rxa6 56. Rd7+ Kc4 57. Re7 e3 58. Kf3 Bxc5 59. Re6 Bd4
60. Bc7 Kd3 61. a4 Rxa4 62. Rxc6 Ra2 63. Bg3 Ra5 64. Re6 Rf5+ 65. Kg2 e2 66.
Be1 Rf1 67. Ba5 Be5 68. Rb6 e1=Q 69. Bxe1 Rxe1 70. Kf3 Rf1+ 71. Kg2 Rf4 72.
Rb3+ Ke4 73. Rb7 Kf5 74. Kh3 Rf2 75. Rb2 Rxb2 0-1

[Event "XVIII MFSz Pamieci E. Laskera - Open A"]
[Site "Barlinek"]
[Date "????.??.??"]
[Round "9"]
[White "Heinsohn, Michael"]
[Black "Rooze, Jan"]
[WhiteElo "2043"]
[BlackElo "2331"]
[Result "1/2-1/2"]
[PlyCount "68"]

1. d4 Nf6 2. c4 c5 3. d5 e6 4. Nc3 exd5 5. cxd5 d6 6. e4 g6 7. Bd3 Bg7 8. h3 a6
9. a4 Nbd7 10. Nge2 O-O 11. Ng3 Rb8 12. O-O Qc7 13. f4 Re8 14. Kh1 c4 15. Bc2
b5 16. axb5 axb5 17. e5 dxe5 18. f5 b4 19. Nce4 b3 20. Bb1 Bb7 21. d6 Qc8 22.
Ra7 Nd5 23. Qf3 Rf8 24. Ng5 Qc5 25. Rxb7 Rxb7 26. Nxh7 Qxd6 27. Be4 Kxh7 28.
Bxd5 Rc7 29. Ne4 Qa6 30. fxg6+ fxg6 31. Ng5+ Kh8 32. Nf7+ Kh7 33. Ng5+ Kh8 34.
Nf7+ Kh7 1/2-1/2